|
|
|
|
| LEADER |
00000cam a2200000 7i4500 |
| 001 |
0000001716 |
| 002 |
000001868 |
| 005 |
20000330.0 |
| 020 |
|
|
|a 0706372069
|
| 090 |
0 |
0 |
|a 747.76
|b DES
|
| 245 |
0 |
0 |
|a Designing and planning dining areas :
|b how to plan,design and decorate the dining area in your home
|
| 260 |
|
|
|a London :
|b Ward Lock ,
|c 1993
|
| 300 |
|
|
|a 94p. :
|b ill. ;
|c 29cm.
|
| 490 |
0 |
|
|a Creating A Home
|
| 650 |
0 |
0 |
|a Interior decoration (Dining areas)
|
| 999 |
|
|
|a 034890
|b BUKU
|c PINJAMAN
|e PERPUSTAKAAN KOMUNITI PETALING JAYA
|
| 999 |
|
|
|a 034891
|b BUKU
|c PINJAMAN
|e PERPUSTAKAAN KOMUNITI PETALING JAYA
|